Biostatistics For The Biological And Health Sciences / (Record no. 168171)

MARC details
000 -LEADER
fixed length control field 00786nam a22002297a 4500
005 - DATE AND TIME OF LATEST TRANSACTION
control field 20190927142934.0
010 ## - LCCN (DPL NO)
LC control number ENG-126578
020 ## - INTERNATIONAL STANDARD BOOK NUMBER
Terms of availability 729.00
International Standard Book Number 9789353436537
035 ## - SYSTEM CONTROL NUMBER
System control number EN-110110
037 ## - SOURCE OF ACQUISITION
Source of stock number/acquisition DBAD/PUB
082 ## - DEWEY DECIMAL CLASSIFICATION NUMBER
Classification number 570.15195
100 ## - MAIN ENTRY--PERSONAL NAME
Personal name Triola , Marc M.
245 ## - TITLE STATEMENT
Title Biostatistics For The Biological And Health Sciences /
Statement of responsibility, etc By Marc M. Triola...[etc,all]
250 ## - EDITION STATEMENT
Edition statement 2nd Edition
260 ## - PUBLICATION, DISTRIBUTION, ETC. (IMPRINT)
Place of publication, distribution, etc Uttar Pradesh
Name of publisher, distributor, etc Pearson Education
Date of publication, distribution, etc 2011
270 ## - ADDRESS
City Noida
Address 15th Floor, Tower-B, World Trade Tower, Plot No.1, Block-C, Sector-16
Postal code 201301
Telephone number 044-66540100
Electronic mail address companysecretary.india@pearson.com
300 ## - PHYSICAL DESCRIPTION
Extent 715p.
Dimensions 26cm,(pbk)
500 ## - GENERAL NOTE
General note Includes Index.
700 ## - ADDED ENTRY--PERSONAL NAME
Personal name Triola, Mario F.
700 ## - ADDED ENTRY--PERSONAL NAME
Personal name Roy , Jason
942 ## - ADDED ENTRY ELEMENTS (KOHA)
Source of classification or shelving scheme Dewey Decimal Classification
Item type English Books
Classification part 570.15195
Call number suffix TRI
Holdings
Withdrawn status Lost status Not for loan Collection code Home library Current library Date acquired Source of acquisition Cost, normal purchase price Full call number Barcode Copy number Cost, replacement price Koha item type
      Non-fiction Shahdara Branch Shahdara Branch 27/09/2019 DBAD/PUB 729.00 570.15195 TRI EN-110110 1 729.00 English Books

© Delhi Public Library
Hit Counter
free hit counter